| 000 | 01012nam a22002897a 4500 | ||
|---|---|---|---|
| 005 | 20111121154651.0 | ||
| 008 | 111121t xxu||||| |||| 00| 0 eng d | ||
| 010 | _aENG-104158 | ||
| 020 |
_a9780071321198 _c550.00 |
||
| 020 |
_a0071321195 _c550.00 |
||
| 035 | _aEN-87691 | ||
| 037 | _bDBAD / PUB | ||
| 040 |
_adpl _bEnglish |
||
| 082 | _a621.4360288 | ||
| 100 |
_aSchulz, Erich J. _935947 |
||
| 245 |
_aDiesel mechanics / _cby Erich J. Schulz [and] Ben L. Evridge |
||
| 250 | _a4th ed | ||
| 260 |
_aNew Delhi _bTata McGraw-Hill _c2011 |
||
| 270 |
_a7 West Patel Nagar _bNew Delhi _e110008 |
||
| 300 |
_aviii,608p. : _c28cm (pbk) _bill. |
||
| 500 | _aIncludes index | ||
| 650 |
_935949 _aDiesel motor _xMaintenance and repair. |
||
| 651 | _935950 | ||
| 700 |
_935964 _aEvridge, Ben L. |
||
| 942 |
_2ddc _cEN _mSCH _h621.4360288 |
||
| 999 |
_c58576 _d58576 |
||